Computational modeling and Monte Carlo simulation of soft errors in artificial intelligence and intelligent information systems (Record no. 353846)
[ view plain ]
| 000 -LEADER | |
|---|---|
| fixed length control field | 00530nam a2200097Ia 4500 |
| 008 - FIXED-LENGTH DATA ELEMENTS--GENERAL INFORMATION | |
| fixed length control field | 180130s9999 xx 000 0 und d |
| 245 ## - TITLE STATEMENT | |
| Statement of responsibility, etc | Autran, Jean-Luc; Munteanu, Daniela; Gasiot, Gilles; Roche, Philippe |
| Title | Computational modeling and Monte Carlo simulation of soft errors in artificial intelligence and intelligent information systems |
| 260 ## - PUBLICATION, DISTRIBUTION, ETC. (IMPRINT) | |
| Date of publication, distribution, etc | 2015 |
| 300 ## - PHYSICAL DESCRIPTION | |
| Extent | Book title: Artificial intelligence and integrated intelligent information systems--Acession number C20552; pages 1 - 32 |
| 650 ## - SUBJECT ADDED ENTRY--TOPICAL TERM | |
| Topical term or geographic name as entry element | INTELLIGENT INFORMATION SYSTEMS |
| Withdrawn status | Lost status | Damaged status | Home library | Current library | Date acquired | Total Checkouts | Date last seen | Price effective from | Koha item type |
|---|---|---|---|---|---|---|---|---|---|
| College Library | College Library | 01/30/2018 | 01/30/2018 | 01/30/2018 | Book Chapter |